MARC details
| 000 -CABECERA |
| campo de control de longitud fija |
02159nam a2200265 i 4500 |
| 003 - IDENTIFICADOR DEL NÚMERO DE CONTROL |
| campo de control |
DO-SdBNP |
| 005 - FECHA Y HORA DE LA ÚLTIMA TRANSACCIÓN |
| campo de control |
20260515095600.0 |
| 007 - CAMPO FIJO DE DESCRIPCIÓN FÍSICA--INFORMACIÓN GENERAL |
| campo de control de longitud fija |
ta |
| 008 - DATOS DE LONGITUD FIJA--INFORMACIÓN GENERAL |
| campo de control de longitud fija |
260515e2025 dr ||||gr|||||||| ||spa d |
| 020 ## - NÚMERO INTERNACIONAL ESTÁNDAR DEL LIBRO |
| Número Internacional Estándar del Libro |
9789945299090 |
| 040 ## - FUENTE DE LA CATALOGACIÓN |
| Centro catalogador/agencia de origen |
DO-SdBNP |
| Lengua de catalogación |
spa |
| Centro/agencia transcriptor |
BNPHU |
| Normas de descripción |
rda |
| 041 ## - CÓDIGO DE LENGUA |
| Código de lengua del texto/banda sonora o título independiente |
spa |
| 082 ## - NÚMERO DE LA CLASIFICACIÓN DECIMAL DEWEY |
| Número de documento/Ítem |
F372m 2025 |
| Número de edición |
22 |
| 100 ## - ENTRADA PRINCIPAL--NOMBRE DE PERSONA |
| Nombre de persona |
Ferrand Estepan, Lourdes Karina |
| 9 (RLIN) |
89459 |
| Término indicativo de función/relación |
autor |
| 245 ## - MENCIÓN DE TÍTULO |
| Título |
A mis nietos, en un mundo sin abuelos / |
| Mención de responsabilidad, etc. |
Lourdes Karina Ferrand Estepan. |
| 264 ## - PRODUCCIÓN, PUBLICACIÓN, DISTRIBUCIÓN, FABRICACIÓN Y COPYRIGHT |
| Producción, publicación, distribución, fabricación y copyright |
Santo Domingo, República Dominicana : |
| Nombre del de productor, editor, distribuidor, fabricante |
Castro de la Paz, Máximo Ramón, |
| Fecha de producción, publicación, distribución, fabricación o copyright |
2025. |
| 300 ## - DESCRIPCIÓN FÍSICA |
| Extensión |
209 páginas : |
| Otras características físicas |
ilustraciones ; |
| Dimensiones |
20 x 14.5 cm. |
| 336 ## - TIPO DE CONTENIDO |
| Término de tipo de contenido |
texto |
| Código de tipo de contenido |
txt |
| Fuente |
rdacontent |
| 337 ## - TIPO DE MEDIO |
| Nombre/término del tipo de medio |
sin mediación |
| Código del tipo de medio |
n |
| Fuente |
rdamedia |
| 338 ## - TIPO DE SOPORTE |
| Nombre/término del tipo de soporte |
volumen |
| Código del tipo de soporte |
nc |
| Fuente |
rdacarrier |
| 520 ## - SUMARIO, ETC. |
| Sumario, etc. |
Necesitamos un mundo con padres, hijos y nietos más empáticos, compasivos, serviciales, agradecidos, dispuestos. Que disfruten y vean a los abuelos, en el espejo futuro, dónde se estrellarán, si no son cambiados los formatos y tratamientos ofrecidos a sus seres queridos, sumados a la falta de respeto e ingratitud hacia sus vidas.<br/>Con tantos afanes, nuestra humanidad contempla a los abuelos lejos del hogar y ha olvidado que Dios no tiene nietos. El inicio de jerarquías basadas en generaciones no existe en el cielo, por eso debemos profesar que: Los dones de padres, abuelos o tutores, son para dar continuidad a la crianza con propósito por el cual existimos. Debemos administrar los hijos de Dios en la tierra, debido a que regresaremos todos como hijos al cielo.<br/>Por esto, te invito a caminar por las letras de este libro donde, como plateados dorados, entreguemos nuestras intenciones y sean sometidas al poder, Inteligencia y Sabiduría del Padre Celestial. Para luego regresar a la morada eterna, debemos criar bajo la Luz de Jesús.<br/>Que no se acaben Los abuelos. Ellos son la raíz del presente, desde ese pasado donde sus hijos y nietos, éramos parte de su deseo futuro.<br/>Enséñanos De Tal Modo A Contar Nuestros Días,<br/>Que Traigamos al Corazón Sabiduría.<br/>Salmos 90:12 |
| 590 ## - NOTA LOCAL (RLIN) |
| Nota local |
Inventariado, 2026/WG. |
| 650 #0 - PUNTO DE ACCESO ADICIONAL DE MATERIA--TÉRMINO DE MATERIA |
| Término de materia o nombre geográfico como elemento de entrada |
Narración de cuentos |
| 9 (RLIN) |
8125 |
| 942 ## - ELEMENTOS DE PUNTO DE ACCESO ADICIONAL (KOHA) |
| Fuente del sistema de clasificación o colocación |
Dewey Decimal Classification |
| Tipo de ítem Koha |
Libro |